Kashmir story (Record no. 167405)

MARC details
000 -LEADER
fixed length control field 00345nam a2200145Ia 4500
008 - FIXED-LENGTH DATA ELEMENTS--GENERAL INFORMATION
fixed length control field 230917s9999||||xx |||||||||||||| ||und||
040 ## - CATALOGING SOURCE
-- 200989
Original cataloging agency VIVEKANANDA LIBRARY
041 ## - Language
-- English
082 ## - DDC NUMBER
Classification number 320.9546 S23K
100 ## - MAIN ENTRY--PERSONAL NAME
Personal name Sharma, B L
245 #0 - TITLE STATEMENT
Title Kashmir story
260 ## - PUBLICATION, DISTRIBUTION, ETC. (IMPRINT)
Place of publication, distribution, etc Bombay
Name of publisher, distributor, etc Asia Publishing House
Date of publication, distribution, etc 1967
300 ## - PHYSICAL DESCRIPTION
Pages 271 p.
942 ## - ADDED ENTRY ELEMENTS (KOHA)
Koha item type Books
Holdings
Withdrawn status Lost status Damaged status Not for loan Location (home branch) Sublocation or collection (holding branch) Date acquired Koha issues (times borrowed) Koha full call number Accession No. Koha date last seen Koha item type
        VIVEKANANDA LIBRARY VIVEKANANDA LIBRARY 20/07/2012   320.9546 S23K 311072 17/09/2023 Books
© Designed and Maintained by Vivekananda Library, MDU Rohtak